মিশকাতুল আনওয়ার / (Record no. 4848)

MARC details
000 -LEADER
fixed length control field 00759nam a22002417a 4500
001 - CONTROL NUMBER
control field BD-DhSAU 4848
003 - CONTROL NUMBER IDENTIFIER
control field BD-DhSAU
005 - DATE AND TIME OF LATEST TRANSACTION
control field 20150226132823.0
008 - FIXED-LENGTH DATA ELEMENTS--GENERAL INFORMATION
fixed length control field 150226b1980 bg |||| |||| 000 0 ben d
040 ## - CATALOGING SOURCE
Original cataloging agency BD-DhSAU
082 ## - DEWEY DECIMAL CLASSIFICATION NUMBER
Edition number 22
Classification number --------
Item number -------
100 ## - MAIN ENTRY--PERSONAL NAME
Personal name গায্ যালী (রাঃ), ইমাম
245 ## - TITLE STATEMENT
Title মিশকাতুল আনওয়ার /
Statement of responsibility, etc. ইমাম গায্ যালী (রাঃ)
260 ## - PUBLICATION, DISTRIBUTION, ETC. (IMPRINT)
Place of publication, distribution, etc. ঢাকা :
Name of publisher, distributor, etc. রশীদ বুক হাউস ,
Date of publication, distribution, etc. ১৯৮০.
300 ## - PHYSICAL DESCRIPTION
Extent ৭১ পৃ. :
Dimensions ২২ সে. মি.
590 ## - Name of Cataloguer
Name of Cataloger tamanna
650 ## - SUBJECT ADDED ENTRY--TOPICAL TERM
Topical term or geographic name as entry element ধর্ম
650 ## - SUBJECT ADDED ENTRY--TOPICAL TERM
Topical term or geographic name as entry element religion
650 ## - SUBJECT ADDED ENTRY--TOPICAL TERM
Topical term or geographic name as entry element islam
650 ## - SUBJECT ADDED ENTRY--TOPICAL TERM
Topical term or geographic name as entry element Quran
650 ## - SUBJECT ADDED ENTRY--TOPICAL TERM
Topical term or geographic name as entry element ইসলাম
650 ## - SUBJECT ADDED ENTRY--TOPICAL TERM
Topical term or geographic name as entry element কোরান
942 ## - ADDED ENTRY ELEMENTS (KOHA)
Source of classification or shelving scheme Dewey Decimal Classification
Koha item type Book
Holdings
Withdrawn status Lost status Source of classification or shelving scheme Damaged status Not for loan Home library Branch Name Shelving location Date acquired Total Checkouts Full call number Barcode Date last seen Price effective from Koha item type
    Dewey Decimal Classification     SAU Library SAU Library General Stacks 18/06/1992   -------- ------- 18055 26/02/2015 26/02/2015 Book